Primeras jornadas nacionales sobre el aluminio. (Record no. 122428)
[ view plain ]
| 000 -LEADER | |
|---|---|
| campo de control de longitud fija | 00553nam a2200169 4500 |
| 001 - NÚMERO DE CONTROL | |
| campo de control | 122428 |
| 003 - IDENTIFICADOR DE NÚMERO DE CONTROL | |
| campo de control | ES-MaACL |
| 005 - FECHA Y HORA DE LA ÚLTIMA TRANSACCIÓN | |
| campo de control | 20230906191957.0 |
| 007 - CAMPO FIJO DE DESCRIPCIÓN FÍSICA--INFORMACIÓN GENERAL | |
| campo de control de longitud fija | t| |
| 008 - DATOS DE LONGITUD FIJA--INFORMACIÓN GENERAL | |
| campo de control de longitud fija | 070214s1970 sp r ||||1| spa d |
| 111 2# - ENTRADA PRINCIPAL--NOMBRE DE CONGRESO/REUNIÓN | |
| Nombre de congreso/reunión o jurisdicción como elemento de entrada | Jornadas Nacionales sobre el Aluminio ( |
| Sede del congreso/Lugar de la reunión | Valladolid ( |
| Fecha del congreso o de la firma del tratado | 1970) ( |
| Número del congreso/reunión o número de parte o sección | . 1ª) |
| 9 (RLIN) | 218898 |
| 245 10 - MENCIÓN DEL TÍTULO | |
| Título | Primeras jornadas nacionales sobre el aluminio. |
| 260 ## - PUBLICACIÓN, DISTRIBUCIÓN, ETC. | |
| Lugar de publicación, distribución, etc. | Valladolid : |
| Nombre del editor, distribuidor, etc. | [s. n.], |
| Fecha de publicación, distribución, etc. | 1970 ( |
| Fabricante | Gráf. Andrés Martín) |
| 300 ## - DESCRIPCIÓN FÍSICA | |
| Extensión | 286 p., 18 lám. ; |
| Dimensiones | 24 cm + |
| Material acompañante/anejo | 3 gráf. |
| 852 ## - LOCALIZACIÓN | |
| Ubicación | ES-MaACL |
| Número de control de estantería | C-41322 |
| Sublocalización o colección | R.74924 |
| Estatus retirado | Estado de pérdida | Estado de daño | No para préstamo | Biblioteca de origen | Biblioteca actual | Ubicación en estantería | Fecha de adquisición | Fuente de adquisición | Total de préstamos | Signatura topográfica completa | Código de barras | Visto por última vez | Precio de reemplazo | Tipo de ítem Koha |
|---|---|---|---|---|---|---|---|---|---|---|---|---|---|---|
| Biblioteca del Ateneo de Madrid | Biblioteca del Ateneo de Madrid | Depósito 2 | 17/01/2008 | C-41322 | 1127576 | 23/02/2023 | 23/02/2023 | Libro impreso |
